| 000 | 00638nam a2200217 i 4500 | ||
|---|---|---|---|
| 001 | 101176 | ||
| 003 | ES-MaACL | ||
| 005 | 20230906182834.0 | ||
| 007 | t| | ||
| 008 | 051014s1947 sp ||||1| spa d | ||
| 100 | 0 |
_aMauricio de Begoña. _979259 |
|
| 245 | 1 | 3 |
_aEl alma de la seráfica reforma capuchina / _cRvdo. P. Fray Mauricio de Begoña, O.F.M. Cap. |
| 250 | _a1ª ed. | ||
| 260 |
_aMadrid : _bEdiciones y Publicaciones Españolas, _c1947. |
||
| 300 |
_a468 p. ; _c22 cm. |
||
| 490 | 1 | _aPax romana | |
| 610 | 2 | 4 |
_aCapuchinos. _92437 |
| 830 | 1 |
_aPax romana _9182690 |
|
| 852 |
_aES-MaACL _jC-4767 |
||
| 999 |
_c101176 _d101176 |
||